000 003150000a22001450004500
003 MACL
040 _aMACL
090 _c31378
_d31376
100 _aLeon, Alexis
245 _aInternet in a Nutshell
260 _bLeon Techworld
_c1998
350 _a140
650 _aComputer Science
942 _cBOOK
_k004.678/LEO
999 _c31063
_d31063